000 00517nam a2200205 a 4500
001 3165
003 CO-ViMGA
008 141112s2004 ck r 000 u spa d
040 _aCO-ViMGA
_bspa
_cCO-ViMGA
082 0 4 _a301 S416
100 1 _aShapiro, Harry
_952528
245 1 0 _aHombre, cultura y sociedad
260 _aMexico :
_bFondo de Cultura Económica,
_c1993
300 _a479 p : il
650 1 4 _aANTROPOLOGIA CULTURAL
650 1 4 _aCULTURA
650 1 4 _aFAMILIA
650 1 4 _aSOCIEDAD
942 _2ddc
_cBK
999 _c15217
_d15217